000 00729nam a2200217 i 4500
001 143889
003 ES-MaACL
005 20250716062534.0
007 t|
008 070214s1930 fr r ||||1| fre d
100 1 _aShakespeare, William,
_d1564-1616
_9105992
245 1 3 _aLa tragédie de Cymbeline /
_cShakespeare ; traduction de Maurice Castelain.
260 _aParis :
_bLes Belles Lettres,
_c1930 (
_eAnvers [Bélgica] :
_fFlor Burton)
300 _aXX, 280 p. ;
_c15 cm.
490 1 _aCol. Shakespeare, texte et traduction
500 _aEdición bilingüe.
700 1 _aCastelain, Maurice.
_936474
830 0 _aCol. Shakespeare, texte et traduction
_9187295
852 _aES-MaACL
_jA-2591
999 _c143889
_d143889